| 000 | 00695nam a2200193Ii 4500 | ||
|---|---|---|---|
| 003 | JO-AjNU | ||
| 008 | 230605s9999||||xx |||||||||||||| ||und|| | ||
| 040 |
_aJO-AjNU _bara _erda _cJO-AjNU |
||
| 041 | _aara | ||
| 050 | 1 | 4 | _aPN1994.M3212 |
| 100 | 3 |
_aتأليف مانفل،روجر ؛ ترجمة برلنتي منصور ؛ يوسف عمون, _eauthor _98638 |
|
| 245 | 0 | 0 | _aالفيلم والجمهور |
| 264 | 3 | 1 | _aالقاهرة: وزارة الثقافة والإرشاد القومي، 1900 |
| 300 | _a198ص | ||
| 336 |
_atext _btxt _2rdacontent |
||
| 337 |
_aunmediated _bn _2rdamedia |
||
| 338 |
_avolume _bnc _2rdacarrier |
||
| 650 | 4 |
_aالسينما - الفيلم - الجمهور _98639 |
|
| 999 |
_aA891 _c4459 _d4459 |
||